Actuarial mathematics

Αποθηκεύτηκε σε:
Λεπτομέρειες βιβλιογραφικής εγγραφής
Άλλοι συγγραφείς: Panjer, Harry H. (Επιμελητής έκδοσης)
Μορφή: Βιβλίο
Γλώσσα:English
Δημοσίευση: Providence, R.I. : American Mathematical Society, c1986.
Σειρά:(Proceedings of symposia in applied mathematics ; 35)
Θέματα:
Ετικέτες: Προσθήκη ετικέτας
Δεν υπάρχουν, Καταχωρήστε ετικέτα πρώτοι!

MARC

LEADER 00000cam a2200000 i 4500
001 1/58014
008 020205s1986 riu ||| | eng||
020 |a 0821800965 
035 |l 10000257 
040 |a GR-MyUA  |b gre  |e AACR2 
041 0 |a eng 
082 0 |a 368.3200151  
245 1 0 |a Actuarial mathematics /   |c Harry H. Panjer, editor.  
260 |a Providence, R.I. :   |b American Mathematical Society,   |c c1986.  
300 |a xi, 127 σ. :   |b εικ. ;   |c 26 εκ.  
490 1 |a (Proceedings of symposia in applied mathematics   |v ; 35) 
500 |a Book is the result of the Society's short course given at the University of Wyoming, Laramie, Aug. 10-11, 1985. 
650 0 0 |a Actuaries. 
650 0 0 |a Insurance  |x Mathematics. 
700 1 |a Panjer, Harry H.  |e edt 
852 |a INST  |b SAMOS  |e 20020205  |h 368.3200151 ACT  |p 005300020372  |q 005300020372  |t BK  |y 0 
901 |a BIBL3-2002-1 
909 |a Σ  |b 088035 
922 |a 3ΕΛΗ  |b 200105  |c ΤΜΗΜΑ ΣΤΑΤΙΣΤΙΚΗΣ ΚΑΙ ΑΝΑΛΟΓΙΣΤΙΚΗΣ ΕΠΙΣΤΗΜΗΣ  |d ΜΙΧΑΛΟΠΟΥΛΟΣ 
970 |a ΚΟΣΙΕΡΗΣ  |b ΧΡΗΣΤΟΣ  |z 2002/02/05